000
00172nam a22000857a 4500
001
1258709
005
20260324122911.0
245
_a
YEŞİL YOL
_c
STEPHEN KING
260
_b
ALTIN
999
_c
1258709
_d
1258709